MDQL
is popping MORE tags! Check the
thread
!
Quizzes
Events
Quiz Creation
Community
Videos
Private Events
Remove Ads
Sign In
Join for FREE
Feedback
Dark Mode
Quiz Categories
Sports
Geography
Music
Movies
Television
Just For Fun
Miscellaneous
History
Literature
Language
Science
Gaming
Entertainment
Religion
Holiday
For Kids
Quiz Lab
Recent
Popular Today
Quiz Kudos Today
Editor Picks
Curator Picks
Quizzes by...
Day
Popularity
Type
Ratings
Length
Year
Community
Subscriptions
Recent Discussions
Orange Saloon
Badges
Playlists
Quests
Create
Leaderboards
Showdown
Live 5
Trivia Bingo
Activity
Puzzle Library
Sporcle Events
Private Events
Virtual Trivia
Globe League
Become a Host
Pub Owners
SporcleCon
Opinionation
Our Games
Videos
Blog
Mobile Apps
Partnerships
Remove Ads and Go Orange
Feedback
Television
TV Characters
TV Show
Sitcom
Network
Friends
Reality Shows
Cast
South Park
Star Trek
The Simpsons
Doctor Who
Television
TV Characters
TV Show
Sitcom
Network
Friends
Reality Shows
Cast
South Park
Star Trek
The Simpsons
Doctor Who
Random Quiz
Search Sporcle
×
Quiz Lab
Quiz Lab
Television
Cast
Select answers by clicking on text or image buttons
Select answers by clicking on text or image buttons
Clickable
Best Score? Go Orange.
The Vampire Diaries Cast Matchup Stats
Can you match the actor to the character they portray on 'The Vampire Diaries'?
By
jencon117
6m
35 Questions
7,326 Plays
7,326 Plays
7,326 Plays
Comments
Comments
Give Quiz Kudos
Give Quiz Kudos
-
- Ratings
hide this ad
Replay
Link that replays current quiz
Next Quiz
Link to next quiz in quiz playlist
You Got
0%
They Got
Avg Score
68%
Avg Friend Score
Upgrade to see
Score Distribution
Jump to the score distribution portion of the page
Score
0/35
Timer
06:00
0
Plays Today
% Correct
Damon Salvatore
97.1%
Elena Gilbert
97%
Katherine Pierce
96%
Stefan Salvatore
95.7%
Caroline Forbes
94.9%
Bonnie Bennett
94.8%
Silas
91.9%
Niklaus Mikaelson
91.3%
Rebekah Mikaelson
89.8%
Jeremy Gilbert
89.7%
Hayley Marshall
87%
Alaric Saltzman
86.6%
Elijah Mikaelson
86.5%
Matt Donovan
85.8%
Tyler Lockwood
85.4%
Jenna Sommers
80.3%
Malachai 'Kai' Parker
73.1%
Enzo
72.2%
% Correct
Kol Mikaelson
68.6%
Vicki Donovan
65.3%
Dr. Meredith Fell
61.7%
Alexia 'Lexi' Branson
61.6%
Pearl
53.1%
April Young
48.2%
Anna
47.3%
Dr. Jo Laughlin
45.2%
Sheriff Elizabeth 'Liz' Forbes
43.8%
Carol Lockwood
42.7%
Mason Lockwood
42.2%
Nadia Petrova
41.3%
Johnathan 'John' Gilbert
39.4%
Olivia 'Liv' Parker
37.8%
Sheila 'Grams' Bennett
33.9%
Professor Atticus Shane
32.6%
Dr. Wes Maxfield
31.9%
Quiz Playlist
Details
Report
Send in Message
Add To Playlist
Clickable:
Select answers by clicking on text or image buttons
Last Updated: Aug 4, 2017
Quiz Scoreboard
CHALLENGE
Sign Up to Join the Scoreboard
Show All
Scores
Hide
Comments
May contain spoilers
Recently Published
Colored Red Africa Blitz
by spor1
Geography
30s
Find the 'City' Movie
by crazypaving
Movies
60s
5x2 Blitz: Bands
by SL_Kpop136
Music
30s
More to Explore
Quiz From the Vault
Featured Blog Post
14 Easter Pick-up Lines to Find Eggs With
hide this ad
You Might Also Like...
Tags
Cast Quiz
Cast Members
The Vampire Diaries
Vampire
Vampire Shows
Today's Top Quizzes in Television
Browse Television
hide this ad
Today's Top Quizzes in Cast
Browse Cast
Top Contributed Quizzes in Television
1
Survivor Journey Challenge
2
Brooklyn Nine Nine Logic Puzzle (How-To-Play)
3
Total Drama Characters
4
Phoebe Buffay Quotes
5
Survivor Heroes vs. Villains Logic Puzzle
6
Adjectives in 00s TV Shows
7
Survivor Trivia
8
Game of Thrones: Tywin Lannister Start to Finish
9
Emmerdale Characters (from August 2012)
10
Survivor Logic Puzzle: Heroes vs. Villains
Explore More
Trending Topics
Anime
NBA
Kpop
Marvel
Crossword
Harry Potter
Disney
NFL
Song
Soccer
Puzzle
WWE
Pokémon
Country
The Office
hide this ad
More By:
jencon117
Quiz
Plays
Rating
Category
Featured
Created
Disney Character Movie Match
410,784
4.67
Movies
Jul 7, 2014
Disney Lyrics: Let It Go
246,143
4.50
Music
Dec 4, 2013
Disney Character Movie Match II
109,784
4.42
Movies
Jul 7, 2015
According to Netflix: TV Comedies
95,589
4.50
Television
Jul 22, 2015
According to Netflix: Animated Features
90,028
4.66
Movies
Jul 20, 2015
Go to Creator's Profile
Score Distribution
Quiz Creator Spotlight
jencon117
Follow
Send a Message
Quizzes Created
-
Created Quiz Play Count
-
More By This Creator
Popular Quizzes Today
1
Colored Red Africa Blitz
2
Find the US States - No Outlines Minefield
3
Find the 'City' Movie
4
5x2 Blitz: Bands
5
The Countries of the World
6
Find the US States
7
Find the Countries of Europe - No Outlines Minefield
8
US States
More Television Quizzes
Follow That Line: The Good Place S1x01
Curator's Pick
Trending Quizzes
Colored Red Europe Blitz I
Colored Red Europe Blitz II
Colored Red Africa Blitz II
Colored Red Europe Blitz III
Colored Red Africa Blitz III
Recently Updated
How Do You Spell That?
pecheneg
Godzilla Movies
pecheneg
Grab Bag: 4-10 Letters
pecheneg
2024 March Madness Bracket
pecheneg
Famous TV Couples
Peacemaker
Champions League XIs: Real Madrid
pecheneg
Largest US Cities 1790-2010
pecheneg
Rides in Walt Disney World
pecheneg
Most Oscar Losses (Acting)
pecheneg
Beyoncé Albums
pecheneg
Trending Topics
NBA
Crossword
Disney
Anime
Marvel
Harry Potter
Kpop
WWE
The Office
Song
Pokémon
Puzzle
Soccer
NFL
Country
Your Account Isn't Verified!
In order to create a playlist on Sporcle, you need to verify the email address you used during registration. Go to your
Sporcle Settings
to finish the process.
Report this User
Report this user for behavior that violates our
Community Guidelines
.
Details:
Send Report
Go to the Sporcle.com Mobile Site →
Comments